| 000 | 00793cab a2200217 4500 | ||
|---|---|---|---|
| 001 | ABS41428 | ||
| 008 | 090401t1989 xxu||||| |||| 00| 0 eng d | ||
| 035 | _a(Sirsi) u30087 | ||
| 041 | _aeng | ||
| 100 | _aBond, R. | ||
| 245 | _aDeemed consent: loophole in planning rules | ||
| 260 | _c1989 | ||
| 350 | _a0 | ||
| 490 |
_aSurveyor (PWW) _v 172(5062) 14 September 1989, 10-11(2) |
||
| 520 | _aCalls for the revision of the deemed consent rules, which allow local authorities to give themselves planning permission on their own land. Cites specific cases in Cambridgeshire and Shropshire where disputes have arisen in relation to housing development. | ||
| 650 | _aLAND DISPOSAL | ||
| 650 | _aSURPLUS LAND | ||
| 690 | _aPLANNING LAW AND PRACTICE | ||
| 942 | _n0 | ||
| 948 | _c04/03/1997 | ||
| 999 |
_c20259 _d20259 |
||